Statystyki dla Państwa z bronią jądrową

Kliknij tutaj aby rozwiązać quiz!

Ogólne statystyki

  • Ten quiz został rozwiązany 37 razy
  • Średni wynik to 8 z 9

Statystyki odpowiedzi

LiczbaPaństwo% Poprawnych
5899Rosja
100%
5244Stany Zjednoczone
100%
500Chiny
92%
290Francja
86%
30Korea Północna
86%
225Wielka Brytania
86%
164Indie
83%
90Izrael
78%
170Pakistan
75%

Rozkład punktacji

Percentyl według liczby udzielonych odpowiedzi

Procent ludzi z każdym wynikiem

Twoja historia wyników

Nie rozwiązałeś tego quizu